Game of Thrones Characters Quiz Stats

 Plays Quiz Updated Mar 2, 2018

Also try: Mad Men Characters
Challenge
Share
Tweet
Score 0/40 Timer 07:00
74 Plays Today
Number Character % Correct
1Eddard Stark
98.6%
4Ser Jaime Lannister
96.1%
2Robert Baratheon
95.2%
6Sandor Clegane
92.8%
13Tyrion Lannister
92.4%
8Petyr Baelish
92%
5Joffrey Baratheon
91.9%
16Robb Stark
91.8%
3Cersei Lannister
91.6%
30Jon Snow
90.7%
23Arya Stark
90.3%
22Sansa Stark
90%
25Bran Stark
89%
15Lord Tywin Lannister
86.2%
31Samwell Tarly
85.1%
37Khal Drogo
84.7%
20Theon Greyjoy
83.8%
28Hodor
82.5%
35Daenerys Targaryen
81.7%
17Catelyn Stark
81.5%
Number Character % Correct
10Varys
80.4%
26Rickon Stark
75%
11Renly Baratheon
74.2%
14Bronn
74.1%
38Ser Jorah Mormont
70.2%
12Ser Loras Tyrell
67.8%
18Lady Lysa Arryn
64.6%
36Viserys Targaryen
63.7%
32Benjen Stark
58.3%
7Ser Barristan Selmy
56.8%
9Grand Maester Pycelle
56.6%
34Jeor Mormont
56.1%
29Osha
55.5%
21Ros
51.2%
24Syrio Forel
48.9%
27Maester Luwin
45.9%
33Ser Alliser Thorne
36.6%
19Ser Rodrik Cassel
33.4%
39Mirri Maz Duur
28.1%
40Doreah
19.3%

You're not logged in!

Compare scores with friends on all Sporcle quizzes.
OR
Log In

You Might Also Like...

Show Comments

Extras

Top Quizzes Today


Score Distribution

Your Account Isn't Verified!

In order to create a playlist on Sporcle, you need to verify the email address you used during registration. Go to your Sporcle Settings to finish the process.

Report this User

Report this user for behavior that violates our Community Guidelines.

Details: